[Event "4th ch-EU"]
[Site "Liverpool ENG"]
[Date "2008.09.13"]
[Round "5"]
[White "O'Rourke,R"]
[Black "Roy,Ali"]
[Result "1-0"]
[WhiteElo "2062"]
[BlackElo "1693"]
[EventDate "2008.09.09"]

1. e4 e6 2. d4 d5 3. Nd2 dxe4 4. Nxe4 Nd7 5. Nf3 Ngf6 6. Ng3 c5 7. Be2 cxd4
8. Nxd4 Bc5 9. O-O O-O 10. Be3 Nd5 11. Bc1 N7f6 12. Nb3 Bb6 13. c4 Nb4 14.
Bd2 Nc6 15. c5 Bc7 16. Qc2 Ne7 17. Rad1 Ned5 18. Bc3 Bd7 19. Nd4 Nxc3 20.
Qxc3 Nd5 21. Qb3 Bxg3 22. hxg3 Qc7 23. Rc1 Rfd8 24. Rfd1 Ne7 25. Bf3 Bc6
26. Bxc6 Nxc6 27. Nxc6 Qxc6 28. Qc4 Rac8 29. b4 a6 30. Qb3 h6 31. a4 Rd7
32. Rxd7 Qxd7 33. Rd1 Qc7 34. Qd3 Qc6 35. Qd7 Kf8 36. Rd6 Qc7 37. Kf1 g6
38. Ke2 Kg7 39. Kd3 Kf8 40. Ke4 Kg8 41. Ke5 Kg7 42. g4 g5 43. g3 Kg6 44.
Qxc7 Rxc7 45. Rd8 a5 46. Kd4 axb4 47. Rd6 Kf6 48. Rb6 Rd7+ 49. Kc4 Ke5 50.
Rxb4 f6 51. Kb5 Kd5 52. Rb1 Rc7 53. Rd1+ Ke5 54. a5 f5 55. gxf5 Kxf5 56.
Rd6 Ke5 57. Kb6 Rf7 58. Rd2 h5 59. a6 bxa6 60. c6 h4 61. gxh4 gxh4 62. c7
Rxc7 63. Kxc7 Kf5 64. Kd6 Kg4 65. Rd4+ Kh5 66. Kxe6 h3 67. f4 h2 68. Rd1
Kg4 69. f5 a5 70. f6 1-0

[Event "4th ch-EU"]
[Site "Liverpool ENG"]
[Date "2008.09.14"]
[Round "6"]
[White "Bitalzadeh,A"]
[Black "Werle,J"]
[Result "0-1"]
[WhiteElo "2310"]
[BlackElo "2591"]
[EventDate "2008.09.09"]

1. d4 Nf6 2. c4 e6 3. Nc3 Bb4 4. e3 O-O 5. Bd3 d5 6. Nf3 c5 7. O-O Nc6 8.
a3 Bxc3 9. bxc3 dxc4 10. Bxc4 Qc7 11. Bb2 e5 12. h3 Bf5 13. Bb5 e4 14. Nd2
Rad8 15. Bxc6 bxc6 16. Qe2 Rfe8 17. dxc5 Nd7 18. c4 Nxc5 19. Qh5 Rxd2 20.
Qxf5 Nd3 21. Bc3 Rc2 22. Ba5 Qe7 23. Bb4 c5 24. Ba5 Qe6 25. Qxe6 Rxe6 26.
Rab1 h6 27. Rb8+ Kh7 28. Rb7 Ra6 29. Bd8 f5 30. Rc7 Rxc4 31. h4 h5 32. Rb1
Rb6 33. Rxb6 axb6 34. Bf6 Kg6 35. Bxg7 Rc1+ 36. Kh2 Nxf2 37. Bb2 Ng4+ 38.
Kg3 Rc2 39. Ba1 Ra2 40. Bh8 Nxe3 41. Rg7+ Kh6 42. Kf4 Nxg2+ 43. Kxf5 Nxh4+
44. Kxe4 Re2+ 45. Kd5 Re8 46. Rb7 Rxh8 47. Rxb6+ Kg5 48. Kxc5 Ra8 49. Kb4
Nf5 50. Rb7 h4 51. Rh7 Kg4 52. a4 h3 53. a5 Nd4 54. Rh6 Kg3 55. Rg6+ Kf2
56. Rh6 Kg2 57. Rg6+ Kf2 58. Rh6 Kg3 59. a6 Nf5 60. Rg6+ Kf4 0-1

[Event "4th ch-EU"]
[Site "Liverpool ENG"]
[Date "2008.09.14"]
[Round "6"]
[White "Hebden,M"]
[Black "L'Ami,E"]
[Result "0-1"]
[WhiteElo "2520"]
[BlackElo "2610"]
[EventDate "2008.09.09"]

1. d4 d5 2. Nf3 Nf6 3. c4 c6 4. e3 Bg4 5. h3 Bh5 6. Nc3 e6 7. g4 Bg6 8. Ne5
Nbd7 9. Nxg6 hxg6 10. Bg2 dxc4 11. Qe2 Nb6 12. O-O Be7 13. Rd1 g5 14. a4 a5
15. e4 Nfd7 16. Be3 e5 17. d5 Qb8 18. b3 f6 19. bxc4 Bc5 20. Bxc5 Nxc5 21.
Rab1 Qc7 22. Qe3 Nbd7 23. Bf1 Ra6 24. Rd2 Rb6 25. Rbd1 Rb4 26. dxc6 bxc6
27. Rd6 Ke7 28. R6d5 Qb6 29. Rd6 Rb3 30. Qd2 Qb7 31. Ne2 Rb2 32. Qe3 Qc7
33. Ng3 g6 34. Qa3 Rb4 35. R6d2 Rhb8 36. Bg2 Nf8 37. Ne2 Nfe6 38. Nc3 Rb3
39. Qc1 Nd4 40. h4 gxh4 41. g5 Nce6 42. gxf6+ Kxf6 43. f4 Nxf4 44. Rf1 g5
0-1

[Event "4th ch-EU"]
[Site "Liverpool ENG"]
[Date "2008.09.14"]
[Round "6"]
[White "Trent,L"]
[Black "Dgebuadze,A"]
[Result "1/2-1/2"]
[WhiteElo "2470"]
[BlackElo "2562"]
[EventDate "2008.09.09"]

1. e4 e6 2. d4 d5 3. Nd2 Nf6 4. e5 Nfd7 5. c3 c5 6. Bd3 Nc6 7. Ngf3 cxd4 8.
cxd4 Nb6 9. a3 Bd7 10. O-O a5 11. Nb1 a4 12. Nc3 Na5 13. Bc2 Nac4 14. Ng5
g6 15. Qf3 Qe7 16. Qg3 Bc6 17. h4 Na5 18. h5 Nb3 19. Bxb3 axb3 20. Qh3 gxh5
21. Nf3 Rg8 22. Qxh5 h6 23. Nd2 Qg5 24. Qxg5 hxg5 25. Nxb3 Nc4 26. Nd2 Be7
27. b3 Nxd2 28. Bxd2 Kd7 29. b4 Ba4 30. Rfc1 Bb3 31. Rab1 Bc4 32. a4 b6 33.
a5 b5 34. Nd1 Rh8 35. f3 Rh4 36. Be3 f5 37. Nf2 Rah8 38. Rb2 Kc6 39. Re1
Kb7 40. Bc1 Ka6 41. Be3 R8h7 42. Rc1 Rh8 43. Re1 R8h7 44. Rc1 1/2-1/2

[Event "4th ch-EU"]
[Site "Liverpool ENG"]
[Date "2008.09.14"]
[Round "6"]
[White "Short,N"]
[Black "Astaneh Lopez,A"]
[Result "1-0"]
[WhiteElo "2655"]
[BlackElo "2357"]
[EventDate "2008.09.09"]

1. e4 e5 2. Nf3 Nc6 3. Bb5 Nf6 4. Qe2 Bc5 5. c3 O-O 6. d3 d6 7. Bg5 a6 8.
Ba4 b5 9. Bc2 Qe7 10. Nbd2 Rb8 11. Nf1 h6 12. Bh4 g5 13. Bg3 d5 14. Ne3 d4
15. Nd5 Qd8 16. Bb3 dxc3 17. bxc3 Bg4 18. h3 Bxf3 19. Qxf3 Kg7 20. h4 Nxd5
21. Bxd5 Ne7 22. hxg5 1-0

[Event "4th ch-EU"]
[Site "Liverpool ENG"]
[Date "2008.09.14"]
[Round "6"]
[White "Edouard,R"]
[Black "Zhou,Y"]
[Result "1-0"]
[WhiteElo "2508"]
[BlackElo "2259"]
[EventDate "2008.09.09"]

1. e4 c5 2. Nf3 d6 3. d4 cxd4 4. Nxd4 Nf6 5. Nc3 g6 6. Be3 a6 7. f3 Nbd7 8.
g4 h6 9. Qd2 b5 10. a4 bxa4 11. Rxa4 Bb7 12. Be2 e6 13. Nb3 Qc7 14. Na5 Nc5
15. Ra2 Bg7 16. e5 Nfd7 17. exd6 Qc8 18. Ra3 e5 19. Nd5 Bxd5 20. Qxd5 e4
21. Bxc5 O-O 22. b4 Nf6 23. Qc6 1-0

[Event "4th ch-EU"]
[Site "Liverpool ENG"]
[Date "2008.09.14"]
[Round "6"]
[White "Carleton,J"]
[Black "Gordon,S"]
[Result "1/2-1/2"]
[WhiteElo "2305"]
[BlackElo "2508"]
[EventDate "2008.09.09"]

1. d4 Nf6 2. c4 e6 3. Nc3 Bb4 4. Qc2 d5 5. cxd5 Qxd5 6. Nf3 Qf5 7. Qxf5
exf5 8. a3 Be7 9. Bg5 c6 10. e3 Nbd7 11. Bc4 a5 12. O-O a4 13. Ba2 Nb6 14.
Ne5 Rf8 15. f3 Nfd7 16. Bf4 g5 17. Nxd7 Bxd7 18. Bc7 Bd8 19. Bd6 Be7 20.
Bc7 Bd8 21. Bd6 Rg8 22. e4 Nc8 23. Bg3 Bb6 24. Bf2 Rg6 25. Rfe1 Kf8 26.
exf5 Bxf5 27. Re5 Nd6 28. Rae1 h5 29. h3 g4 30. hxg4 hxg4 31. fxg4 Rxg4 32.
d5 Bxf2+ 33. Kxf2 c5 34. Bb1 Bxb1 35. Rxb1 b5 36. Rh1 Kg7 37. Kf3 Rd4 38.
Reh5 Rd3+ 39. Ke2 Rg3 40. Kf2 Rg6 41. Rh7+ Kf6 42. Rh8 Rxh8 43. Rxh8 Ke5
44. Rb8 Kd4 45. Nxb5+ Nxb5 46. Rxb5 Kxd5 47. Rb7 Rf6+ 48. Ke3 Kc4 49. g4
Rf1 50. Ke4 Rf2 51. g5 Rg2 52. Kf5 Rf2+ 53. Ke4 Rg2 1/2-1/2

[Event "4th ch-EU"]
[Site "Liverpool ENG"]
[Date "2008.09.14"]
[Round "6"]
[White "Storey,Ch"]
[Black "Meijers,V"]
[Result "1-0"]
[WhiteElo "2268"]
[BlackElo "2496"]
[EventDate "2008.09.09"]

1. e4 c5 2. Nf3 b6 3. Nc3 Bb7 4. d4 cxd4 5. Nxd4 a6 6. Bc4 e6 7. O-O b5 8.
Bb3 b4 9. Nd5 Bc5 10. Be3 exd5 11. Nf5 d6 12. Bxd5 Bc6 13. Bxc5 Nh6 14.
Bxc6+ 1-0

[Event "4th ch-EU"]
[Site "Liverpool ENG"]
[Date "2008.09.14"]
[Round "6"]
[White "Constantinou,Pe"]
[Black "D'Costa,L"]
[Result "0-1"]
[WhiteElo "2225"]
[BlackElo "2414"]
[EventDate "2008.09.09"]

1. d4 Nf6 2. Bf4 g6 3. Nf3 Bg7 4. e3 O-O 5. Be2 d6 6. h3 Nc6 7. O-O Qe8 8.
c4 e5 9. Bh2 Ne4 10. Nc3 Nxc3 11. bxc3 Qe7 12. Nd2 Nd8 13. Nb3 b6 14. Rb1
Bd7 15. Bf3 Rc8 16. Qc1 Bf5 17. e4 Be6 18. Be2 c5 19. dxe5 dxe5 20. a4 Nb7
21. a5 bxa5 22. Ra1 Nd6 23. Nxa5 Nxe4 24. Bf3 Nxc3 25. Qxc3 e4 26. Be5 Bxe5
27. Qxe5 exf3 28. g3 Rfd8 29. Ra3 Qd7 30. g4 Qd4 31. Qg3 Bxc4 32. Nxc4 Qxc4
33. Qxf3 Rc7 34. Rfa1 Rdd7 35. Qa8+ Kg7 36. Rxa7 Rxa7 37. Rxa7 Rd1+ 38. Kh2
Qf4+ 39. Kg2 h5 40. Ra4 c4 0-1

[Event "4th ch-EU"]
[Site "Liverpool ENG"]
[Date "2008.09.14"]
[Round "6"]
[White "Collins,S IRL"]
[Black "Yeo,M"]
[Result "1-0"]
[WhiteElo "2412"]
[BlackElo "2110"]
[EventDate "2008.09.09"]

1. d4 d5 2. Nf3 Nf6 3. c4 dxc4 4. e3 Bg4 5. Bxc4 e6 6. h3 Bh5 7. Nc3 a6 8.
g4 Bg6 9. Ne5 c5 10. dxc5 Qxd1+ 11. Kxd1 Be4 12. Nxe4 Nxe4 13. Ke2 Bxc5 14.
Bd3 Nd6 15. b3 f6 16. Nc4 Nc6 17. Bb2 Nxc4 18. Bxc4 Ke7 19. Rac1 Bd6 20.
Bd3 Rac8 21. f4 h6 22. h4 Nb4 23. Bb1 Rxc1 24. Rxc1 g5 25. fxg5 hxg5 26. h5
Nc6 27. Be4 Be5 28. Bxe5 Nxe5 29. Rc7+ Kd6 30. Rxb7 Nxg4 31. Bg6 Rc8 32.
Rb6+ Rc6 33. Rxc6+ Kxc6 34. b4 Kb5 35. Bd3+ Kxb4 36. Bxa6 Nh6 37. Kf3 f5
38. e4 f4 39. e5 Kc5 40. Ke4 Nf5 41. Be2 Nh6 42. Bd1 Kc6 43. a4 Kc5 44. Bb3
Nf5 45. Bxe6 Ng3+ 46. Kf3 Nxh5 47. Bd7 Kd5 48. a5 Kc5 49. e6 Nf6 50. e7 g4+
51. Bxg4 Kb5 52. Be6 Kxa5 53. Kxf4 Ne8 54. Bd7 Ng7 55. Kg5 Kb6 56. Kg6 Kc7
57. Kxg7 1-0

[Event "4th ch-EU"]
[Site "Liverpool ENG"]
[Date "2008.09.14"]
[Round "6"]
[White "Motoc,A"]
[Black "Estremera Panos,S"]
[Result "0-1"]
[WhiteElo "2303"]
[BlackElo "2394"]
[EventDate "2008.09.09"]

1. d4 Nf6 2. c4 e6 3. Nc3 Bb4 4. Qc2 d5 5. cxd5 exd5 6. Bg5 c5 7. a3 Bxc3+
8. bxc3 h6 9. Bxf6 Qxf6 10. e3 O-O 11. Be2 Bf5 12. Qb3 Nd7 13. Nf3 cxd4 14.
cxd4 Rac8 15. Qxb7 Nc5 16. Qxd5 Nd3+ 17. Kf1 Rc2 18. e4 Rxe2 19. Qxf5 Rxf2+
20. Kg1 Qb6 21. h4 Qb2 22. Kh2 Rxg2+ 23. Kh3 Qf2 0-1

[Event "4th ch-EU"]
[Site "Liverpool ENG"]
[Date "2008.09.14"]
[Round "6"]
[White "Baramidze,D"]
[Black "Briscoe,C"]
[Result "1-0"]
[WhiteElo "2593"]
[BlackElo "2232"]
[EventDate "2008.09.09"]

1. e4 c5 2. Nf3 d6 3. d4 cxd4 4. Nxd4 Nf6 5. Nc3 a6 6. Be3 e5 7. Nb3 Be6 8.
f3 Be7 9. Qd2 O-O 10. O-O-O Nbd7 11. g4 b5 12. g5 b4 13. Ne2 Ne8 14. f4 a5
15. f5 a4 16. Nbd4 exd4 17. Nxd4 b3 18. Kb1 bxc2+ 19. Nxc2 Bxa2+ 20. Kxa2
Ne5 21. Nb4 Qb8 22. Qc3 Nc7 23. Rc1 Rc8 24. f6 Bf8 25. Bh3 Ne6 26. Qxc8
Qxb4 27. Qxa8 Nd3 28. Rc2 Qb3+ 29. Kb1 Nb4 30. Bxe6 Qxc2+ 31. Ka1 Qd3 32.
Bxf7+ Kxf7 33. Qb7+ Kg6 34. Qxb4 Qxe3 35. Qxa4 Kxg5 36. h4+ Kxf6 37. Rf1+
Ke7 38. Qa8 1-0

[Event "4th ch-EU"]
[Site "Liverpool ENG"]
[Date "2008.09.14"]
[Round "6"]
[White "Kennaugh,C"]
[Black "Ris,R"]
[Result "0-1"]
[WhiteElo "2281"]
[BlackElo "2415"]
[EventDate "2008.09.09"]

1. e4 c5 2. Nf3 Nc6 3. d4 cxd4 4. Nxd4 e6 5. Be3 Nf6 6. Bd3 d5 7. Nxc6 bxc6
8. exd5 cxd5 9. O-O Be7 10. Bd4 O-O 11. c4 dxc4 12. Bxc4 Bb7 13. Nc3 Qc7
14. Qe2 Rfd8 15. Rfd1 Qc6 16. Qf1 Rac8 17. Bb5 Qc7 18. Qe2 Nd5 19. Qe5 Qxe5
20. Bxe5 f6 21. Nxd5 Rxd5 22. Rxd5 Bxd5 23. Bc3 Kf7 24. Kf1 g5 25. f3 h5
26. h3 Rg8 27. Be2 e5 28. a4 Rb8 29. Ke1 Bb4 30. Kd2 Ke6 31. Bb5 Bxc3+ 32.
Kxc3 a5 33. Kd2 Rc8 34. Ra3 Kd6 35. Rc3 Rxc3 36. Kxc3 Kc5 37. Be8 h4 38.
Bg6 Bc4 39. Be4 Bf1 40. Bf5 Bxg2 41. Bg4 e4 42. fxe4 Bxe4 0-1

[Event "4th ch-EU"]
[Site "Liverpool ENG"]
[Date "2008.09.14"]
[Round "6"]
[White "Calzetta,M"]
[Black "Houska,Jo"]
[Result "1/2-1/2"]
[WhiteElo "2264"]
[BlackElo "2405"]
[EventDate "2008.09.09"]

1. e4 c6 2. d4 d5 3. Nd2 dxe4 4. Nxe4 Bf5 5. Ng3 Bg6 6. h4 h6 7. Nf3 Nd7 8.
h5 Bh7 9. Bd3 Bxd3 10. Qxd3 e6 11. Bf4 Qa5+ 12. Bd2 Bb4 13. c3 Be7 14. c4
Qc7 15. O-O-O Ngf6 16. Kb1 O-O 17. Rhe1 a5 18. Ne5 Bb4 19. f4 Rfd8 20. Nxf7
Kxf7 21. Qg6+ Kg8 22. Bxb4 axb4 23. Nf5 exf5 24. Re7 Ne8 25. Rde1 Qa5 26.
Qf7+ Kh7 27. Rxd7 Qxa2+ 28. Kc2 Rxd7 1/2-1/2

[Event "4th ch-EU"]
[Site "Liverpool ENG"]
[Date "2008.09.14"]
[Round "6"]
[White "Langrock,H"]
[Black "Tebb,D"]
[Result "1-0"]
[WhiteElo "2398"]
[BlackElo "2215"]
[EventDate "2008.09.09"]

1. e4 e5 2. Nf3 Nc6 3. Bb5 a6 4. Bxc6 dxc6 5. O-O Be7 6. b3 c5 7. d3 f6 8.
Be3 Be6 9. Nbd2 Qd7 10. Qe2 O-O-O 11. a3 g5 12. Rfb1 h5 13. b4 h4 14. bxc5
g4 15. Ne1 g3 16. Nb3 gxh2+ 17. Kh1 Qa4 18. c6 b6 19. d4 Nh6 20. d5 Bg4 21.
f3 Bh5 22. c4 f5 23. Nc5 Bxc5 24. Bxc5 fxe4 25. Qxe4 Rhg8 26. Bxb6 cxb6 27.
Rxb6 Qa5 28. Rab1 Qc5 29. Rb8+ Kc7 30. Qxe5+ 1-0

[Event "4th ch-EU"]
[Site "Liverpool ENG"]
[Date "2008.09.14"]
[Round "6"]
[White "Eggleston,D"]
[Black "Redmond,J"]
[Result "1-0"]
[WhiteElo "2372"]
[BlackElo "2188"]
[EventDate "2008.09.09"]

1. e4 e5 2. Nf3 Nf6 3. Nxe5 d6 4. Nf3 Nxe4 5. d4 d5 6. Bd3 Bd6 7. c4 c6 8.
Nc3 O-O 9. O-O Nxc3 10. bxc3 Bg4 11. Rb1 dxc4 12. Bxc4 Qc7 13. h3 Bh5 14.
Bd3 Bg6 15. Bxg6 hxg6 16. Ng5 Nd7 17. Qf3 Nf6 18. c4 b6 19. g3 Qd7 20. Be3
Rad8 21. Kg2 Bc7 22. Rfd1 Rfe8 23. Rd2 Qf5 24. Qxf5 gxf5 25. Nf3 Ne4 26.
Rd3 Rd7 27. Ra3 Bb8 28. c5 b5 29. Ra6 Rc8 30. Rb3 g6 31. a4 b4 32. Rxb4 Nc3
33. Rxc6 Rxc6 34. Rxb8+ Kg7 35. Ne5 Rcc7 36. Nxd7 Rxd7 37. Bf4 Nd5 38. c6
Re7 39. Rd8 1-0

[Event "4th ch-EU"]
[Site "Liverpool ENG"]
[Date "2008.09.14"]
[Round "6"]
[White "Surtees,M"]
[Black "Priborsky,J"]
[Result "0-1"]
[WhiteElo "2182"]
[BlackElo "2344"]
[EventDate "2008.09.09"]

1. e4 e5 2. a3 Nf6 3. d3 d5 4. f4 dxe4 5. fxe5 Ng4 6. d4 e3 7. Nc3 Nf2 8.
Qf3 Nxh1 9. Bxe3 Be7 10. Bc4 O-O 11. Qf4 c6 12. Nf3 b5 13. Bb3 Be6 14. Bxe6
fxe6 15. Qg4 Rf5 16. Ke2 Nd7 17. Rxh1 Nb6 18. Rd1 Kh8 19. h4 a5 20. Ng5
Bxg5 21. hxg5 Qe8 22. Ne4 Qg6 23. Nd6 Rff8 24. Rd3 b4 25. g3 Nd5 26. Bd2
Rab8 27. a4 b3 28. c4 Rf2+ 29. Kxf2 Qxd3 30. Nf7+ Kg8 31. cxd5 Qxd2+ 32.
Kg1 Qc1+ 33. Kh2 Qc2+ 34. Kg1 Qf5 35. Qxf5 exf5 36. dxc6 Kxf7 37. d5 Rb4
38. c7 Rc4 39. d6 Ke6 40. Kf2 Kd7 41. Kf3 Re4 42. g4 g6 0-1

[Event "4th ch-EU"]
[Site "Liverpool ENG"]
[Date "2008.09.14"]
[Round "6"]
[White "Radovanovic,J"]
[Black "James,Dav"]
[Result "1/2-1/2"]
[WhiteElo "2325"]
[BlackElo "2177"]
[EventDate "2008.09.09"]

1. Nf3 Nf6 2. g3 d5 3. Bg2 e6 4. O-O Be7 5. d3 c5 6. Nbd2 Nc6 7. e4 O-O 8.
Re1 b5 9. e5 Nd7 10. Nf1 Nb6 11. h4 f6 12. N1h2 Nxe5 13. Nxe5 fxe5 14. Nf3
Nd7 15. Bh3 Qb6 16. Bg5 Bf6 17. h5 Qd6 18. h6 g6 19. Bxf6 Rxf6 20. Qe2 c4
21. Nxe5 Nxe5 22. Qxe5 Qxe5 23. Rxe5 Bd7 24. Rae1 Kf7 25. f4 cxd3 26. cxd3
Rc8 27. Bg4 Rc2 28. R5e2 Rxe2 29. Rxe2 Ke7 30. b4 Kd6 31. Kg2 Rf8 32. Rc2
Rg8 33. Kf3 g5 34. d4 Rg6 35. fxg5 Rxg5 36. Kf4 Rg6 37. Rh2 Rf6+ 38. Ke3
Rf8 39. Rh5 Rg8 40. Kf4 Rf8+ 41. Ke3 Rg8 42. Rh4 Be8 43. Kf2 e5 44. Bf3 Bg6
45. dxe5+ Kxe5 46. Rg4 Rf8 47. Rg5+ Rf5 48. Rxf5+ Bxf5 49. Ke3 Be6 50. Be2
a6 51. Bd3 d4+ 52. Kd2 Bf5 53. Bf1 Be4 54. a3 Bf5 55. Be2 Be4 56. Bf1 Bf5
57. Bg2 Be4 58. Bh3 Bf5 59. Bg2 Be4 60. Bf1 Bf5 61. Be2 Be4 62. Bf1 Bf5 63.
Be2 1/2-1/2

[Event "4th ch-EU"]
[Site "Liverpool ENG"]
[Date "2008.09.14"]
[Round "6"]
[White "Williamson,R"]
[Black "Ringoir,T"]
[Result "1/2-1/2"]
[WhiteElo "2169"]
[BlackElo "2321"]
[EventDate "2008.09.09"]

1. e4 c5 2. Nf3 d6 3. d4 cxd4 4. Nxd4 Nf6 5. Nc3 a6 6. Be2 e5 7. Nb3 Be7 8.
O-O O-O 9. Re1 Be6 10. Bf1 Nbd7 11. Nd5 Nxd5 12. exd5 Bf5 13. a4 Bg6 14. a5
Bg5 15. Bxg5 Qxg5 16. Ra4 Rac8 17. c3 f5 18. Rb4 Rc7 19. f4 exf4 20. Nd4
Nc5 21. Ne6 Nxe6 22. dxe6 Qe7 23. Rb6 Rc6 24. Rb4 Be8 25. Qb3 Rc7 26. Rxf4
Rc5 27. Qc2 Rxa5 28. b4 Re5 29. Rxe5 dxe5 30. Rxf5 Rxf5 31. Qxf5 Qc7 32. c4
Bg6 33. Qg4 e4 34. c5 a5 35. Qg5 axb4 36. Bc4 Kf8 37. Qd5 Qe7 38. Qd6 Be8
39. Bb3 Bc6 1/2-1/2

[Event "4th ch-EU"]
[Site "Liverpool ENG"]
[Date "2008.09.14"]
[Round "6"]
[White "Blackburn,J"]
[Black "Cruz Alvarez de Ron,D"]
[Result "1-0"]
[WhiteElo "2196"]
[BlackElo "2278"]
[EventDate "2008.09.09"]

1. d4 g6 2. c4 Nf6 3. Nc3 d5 4. cxd5 Nxd5 5. e4 Nxc3 6. bxc3 c5 7. Nf3 Bg7
8. Rb1 O-O 9. Be2 Qc7 10. O-O b6 11. Qb3 Nc6 12. d5 Na5 13. Qc2 e6 14. c4
exd5 15. cxd5 Re8 16. Bb5 Bd7 17. d6 Qb7 18. Re1 Bxb5 19. Rxb5 Qd7 20. Rxa5
bxa5 21. Qxc5 f6 22. Bf4 a4 23. h4 Kh8 24. Qd5 Rad8 25. Rd1 h6 26. Bg3 Kh7
27. h5 gxh5 28. Nh4 Qg4 29. Re1 Rd7 30. Nf5 Qg6 31. Qc6 Red8 32. Qxa4 Bf8
33. Rc1 Qf7 34. Qc2 Kg8 35. Qe2 Kh7 36. a4 Qg6 37. Nh4 Qg5 38. Qc2 Kh8 39.
Nf5 Qg6 40. Qc3 Kh7 41. Qd4 Qf7 42. a5 Qe6 43. a6 Kg6 44. Qd3 Bxd6 45. Bxd6
Rxd6 46. Qg3+ Kf7 47. Rc7+ R6d7 48. Qg7+ Ke8 49. Qh8+ Kf7 50. Qxd8 1-0

[Event "4th ch-EU"]
[Site "Liverpool ENG"]
[Date "2008.09.14"]
[Round "6"]
[White "Vaznonis,V"]
[Black "Peacock,M"]
[Result "0-1"]
[WhiteElo "2407"]
[BlackElo "2101"]
[EventDate "2008.09.09"]

1. d4 Nf6 2. c4 c5 3. d5 e5 4. Nc3 d6 5. e4 Nbd7 6. Bd3 Be7 7. Nge2 h5 8.
h3 h4 9. Be3 Nh5 10. Qd2 Nf8 11. a3 a6 12. b4 b6 13. Bc2 Ng6 14. Ba4+ Kf8
15. Rb1 Qc7 16. bxc5 bxc5 17. O-O Kg8 18. Rb2 Kh7 19. Rfb1 Bd8 20. Bc6 Ra7
21. Na2 f5 22. exf5 Bxf5 23. Rf1 Bf6 24. Qd1 Qc8 25. Ba4 e4 26. Rb6 Be5 27.
Bc2 Bxh3 28. Bxe4 Bf5 29. Qd3 Bxe4 30. Qxe4 Nf6 31. Qf3 Rf8 32. Nac3 Ng4
33. Qh3 Raf7 34. Ne4 Kg8 35. Nxd6 Bxd6 36. Rxd6 Qf5 37. Bxc5 Re8 38. Nd4
Qxf2+ 0-1

[Event "4th ch-EU"]
[Site "Liverpool ENG"]
[Date "2008.09.14"]
[Round "6"]
[White "Cafolla,P"]
[Black "Lasinskas,P"]
[Result "0-1"]
[WhiteElo "2055"]
[BlackElo "2269"]
[EventDate "2008.09.09"]

1. e4 c5 2. Nc3 a6 3. a4 b6 4. g3 Bb7 5. Bg2 Nc6 6. f4 d6 7. Nf3 g6 8. d4
cxd4 9. Nxd4 Bg7 10. Be3 Na5 11. Bf2 e6 12. O-O Ne7 13. Nce2 O-O 14. c3 Qc7
15. Qd3 d5 16. e5 Qc4 17. Qe3 Qc7 18. Qd3 Rac8 19. g4 g5 20. Bg3 Ng6 21. f5
Nxe5 22. Bxe5 Bxe5 23. Rf3 Bxd4+ 24. Nxd4 e5 25. Rh3 Qc4 26. Qe3 f6 27.
Rxh7 Kxh7 28. Qh3+ Kg8 29. Ne6 Qc6 30. Qh5 Qe8 31. Qh6 Qf7 32. Rd1 Qh7 33.
Qxh7+ Kxh7 34. Nxf8+ Rxf8 35. Bxd5 Rd8 36. b4 Rxd5 0-1

[Event "4th ch-EU"]
[Site "Liverpool ENG"]
[Date "2008.09.14"]
[Round "6"]
[White "Fraser Mitchell,J"]
[Black "Fowler,S"]
[Result "0-1"]
[WhiteElo "2018"]
[BlackElo "2256"]
[EventDate "2008.09.09"]

1. d4 d5 2. c4 e6 3. Nc3 c6 4. Nf3 dxc4 5. a4 Bb4 6. e3 b5 7. Bd2 a5 8.
axb5 Bxc3 9. Bxc3 cxb5 10. b3 Bb7 11. d5 Nf6 12. bxc4 b4 13. Bxf6 Qxf6 14.
Qa4+ Nd7 15. Nd4 e5 16. Nb3 Ke7 17. Qb5 Ba6 18. Qxa5 Rhb8 19. d6+ Ke8 20.
Qd5 Bb7 21. Qd2 Rxa1+ 22. Nxa1 Nc5 23. Qxb4 Qxd6 24. Qd2 Qg6 25. Qb2 Nd7
26. Qc3 Qb1+ 27. Kd2 Rd8 28. Ke2 Ra8 29. Nb3 Ra3 30. Nd2 Qa2 31. Qb4 Ba6
32. Kf3 Ra4 33. Qd6 Bb7+ 34. Kg3 Ra6 35. Qb4 Rg6+ 36. Kh3 Qa6 37. f3 Qe6+
38. g4 Bxf3 39. Rg1 Rxg4 0-1

[Event "4th ch-EU"]
[Site "Liverpool ENG"]
[Date "2008.09.14"]
[Round "6"]
[White "Kett,T"]
[Black "Cannon,Ra"]
[Result "1/2-1/2"]
[WhiteElo "2247"]
[BlackElo "2041"]
[EventDate "2008.09.09"]

1. e4 d6 2. d4 Nf6 3. Nc3 g6 4. f4 Bg7 5. Nf3 O-O 6. Bd3 Nc6 7. O-O Bg4 8.
e5 dxe5 9. dxe5 Nd5 10. h3 Bf5 11. Bxf5 Nxc3 12. bxc3 Qxd1 13. Rxd1 gxf5
14. Rd7 Rac8 15. Ba3 Rfd8 16. Rad1 Rxd7 17. Rxd7 Kf8 18. Nd4 Ke8 19. Rd5 e6
20. Rb5 Nxd4 21. cxd4 b6 22. Kf2 Bf8 23. Bxf8 Kxf8 24. Ke3 c6 25. Rb3 c5
26. Rc3 cxd4+ 27. Kxd4 Rd8+ 28. Ke3 Rd5 29. Ra3 Rd7 30. g4 fxg4 31. hxg4
Rc7 32. Kd3 Rd7+ 33. Ke3 Rc7 34. c3 Kg7 35. f5 f6 36. fxe6 fxe5 37. g5 Kf8
38. Ke4 Ke7 39. Kxe5 Rc5+ 40. Kd4 1/2-1/2

[Event "4th ch-EU"]
[Site "Liverpool ENG"]
[Date "2008.09.14"]
[Round "6"]
[White "Coates,D"]
[Black "Naslund,M"]
[Result "1/2-1/2"]
[WhiteElo "2037"]
[BlackElo "2243"]
[EventDate "2008.09.09"]

1. e4 c5 2. Nf3 a6 3. c4 e6 4. Nc3 Qc7 5. d4 cxd4 6. Nxd4 Nf6 7. Bd3 Nc6 8.
Nf3 d6 9. O-O Bd7 10. Qe2 Rc8 11. Bf4 Ne5 12. b3 Be7 13. Rac1 Qa5 14. Bd2
Qc7 15. Bb1 O-O 16. h3 Nxf3+ 17. Qxf3 Qb8 18. Rfd1 b5 19. cxb5 axb5 20. Bg5
b4 21. Ne2 Rxc1 22. Bxc1 Bc6 23. Bb2 Rd8 24. Ng3 Qb7 25. Re1 Ra8 26. Nh5
Nxh5 27. Qxh5 g6 28. Qh6 Bf8 29. Qf4 e5 30. Qg5 Be7 31. Qh6 Rc8 32. Re3 Bf8
33. Qg5 Be7 34. Qh6 Bf8 35. Qg5 Be7 36. Qh6 1/2-1/2

[Event "4th ch-EU"]
[Site "Liverpool ENG"]
[Date "2008.09.14"]
[Round "6"]
[White "Wells,D"]
[Black "Groffen,H"]
[Result "1/2-1/2"]
[WhiteElo "2016"]
[BlackElo "2228"]
[EventDate "2008.09.09"]

1. e4 e6 2. d4 d5 3. Nc3 Nf6 4. Bg5 Bb4 5. e5 h6 6. Be3 Ne4 7. Qg4 g6 8. a3
Bxc3+ 9. bxc3 c5 10. Bd3 h5 11. Qf4 g5 12. Qf3 Nxc3 13. dxc5 d4 14. Bd2 Nc6
15. Qf6 Qxf6 16. exf6 Na4 17. Bxg5 Nxc5 18. f4 e5 19. fxe5 Nxd3+ 20. cxd3
Nxe5 21. Kd2 Be6 22. Ne2 Nc6 23. Rab1 O-O-O 24. Nf4 Rd6 25. Rhe1 Nd8 26.
Bh4 Ra6 27. Re4 Rxa3 28. Rc1+ Rc3 29. Rxc3+ dxc3+ 30. Kxc3 Bg4 31. Re7 Rf8
32. h3 Be6 33. Nxh5 Rh8 34. Bg3 Bd7 35. Ng7 b5 36. d4 b4+ 37. Kb3 Nc6 38.
Rxf7 a5 39. d5 Nd4+ 40. Kb2 a4 41. Bd6 a3+ 42. Ka1 Nb3+ 43. Kb1 Nd2+ 44.
Ka1 Nb3+ 45. Kb1 Nd2+ 46. Ka2 b3+ 47. Kxa3 Nc4+ 48. Kxb3 Nxd6 49. Re7 Rf8
50. Nh5 Ne8 51. Kc3 Nxf6 52. Nxf6 Rxf6 53. Rg7 Kc7 54. Kd4 1/2-1/2

[Event "4th ch-EU"]
[Site "Liverpool ENG"]
[Date "2008.09.14"]
[Round "6"]
[White "Czaja,W"]
[Black "O'Rourke,R"]
[Result "0-1"]
[WhiteElo "2103"]
[BlackElo "2062"]
[EventDate "2008.09.09"]

1. d4 Nf6 2. Nf3 g6 3. c4 Bg7 4. Nc3 d6 5. h3 O-O 6. e4 Nc6 7. d5 Ne5 8.
Nd4 c5 9. Nb3 e6 10. f4 exd5 11. fxe5 Nxe4 12. Nxe4 dxe4 13. exd6 e3 14.
Qf3 Qxd6 15. Be2 a5 16. Bxe3 Re8 17. Bxc5 Qc7 18. O-O Bf5 19. Qf2 a4 20. g4
axb3 21. gxf5 Rxe2 22. Qxe2 Qxc5+ 23. Kg2 bxa2 24. f6 Bh6 0-1

[Event "4th ch-EU"]
[Site "Liverpool ENG"]
[Date "2008.09.14"]
[Round "6"]
[White "Van Kemenade,R"]
[Black "Bennett,P"]
[Result "0-1"]
[WhiteElo "1971"]
[BlackElo "2120"]
[EventDate "2008.09.09"]

1. d4 Nf6 2. c4 g6 3. Nc3 Bg7 4. e4 d6 5. Nf3 O-O 6. h3 Na6 7. Bg5 Qe8 8.
Nd2 e5 9. d5 Nh5 10. g3 f5 11. exf5 gxf5 12. Be2 Nf6 13. Qc2 Bd7 14. O-O-O
Nc5 15. g4 e4 16. Rdg1 Qe5 17. Be3 Rae8 18. g5 Nd3+ 19. Bxd3 exd3 20. Qxd3
Ne4 21. Nf3 Qe7 22. Bd4 c5 23. Bf6 Nxf2 24. Bxe7 Nxd3+ 25. Kd2 Rxe7 26.
Kxd3 Rfe8 27. Re1 Bxc3 28. bxc3 f4 29. h4 Re3+ 0-1

[Event "4th ch-EU"]
[Site "Liverpool ENG"]
[Date "2008.09.14"]
[Round "6"]
[White "Owen,D"]
[Black "Tasker,M"]
[Result "0-1"]
[WhiteElo "2095"]
[BlackElo "2062"]
[EventDate "2008.09.09"]

1. e4 c5 2. Nf3 d6 3. d4 cxd4 4. Nxd4 Nf6 5. Nc3 Nc6 6. Be2 g6 7. Be3 Bg7
8. Qd2 O-O 9. h4 Nxd4 10. Bxd4 Be6 11. h5 Qa5 12. hxg6 fxg6 13. f3 Rac8 14.
g4 b5 15. Nxb5 Qxd2+ 16. Kxd2 a6 17. Nc3 Nxe4+ 18. Nxe4 Bxd4 19. c3 Be5 20.
Bxa6 Rb8 21. b4 Rxf3 22. Be2 Bf4+ 23. Kc2 Re3 24. Bd3 Bd5 25. Rhe1 Rxe1 26.
Rxe1 Bxa2 27. b5 d5 28. Nd2 e5 29. Nb3 e4 30. Bf1 Bc7 31. Nc1 Bg3 32. Rd1
Bc4 33. Bxc4 dxc4 34. Rd5 Kf7 35. Rd7+ Kf6 36. Ne2 Bf2 37. Rxh7 Rxb5 38.
Rh2 e3 39. Nf4 Ra5 40. Nh3 Ke5 41. Kb2 e2 0-1